000 00313nam a2200133Ia 4500
005 20260328101458.0
008 260328s9999||||xx |||||||||||||| ||und||
100 _aDaab
245 0 _aContemporary Prefab Houses /
_cDaab
260 _bFusion
300 _a378 p.
650 _aARQUITECTURA RESIDENCIAL
942 _cBK
999 _c8879
_d8879